El decreto 1277/2010 y la derogación de los reintegros de gastos por parte de la AFIP. (Registro nro. 15317)

Detalles MARC
000 -LEADER
fixed length control field 00361 a2200109 4500
001 - CONTROL NUMBER
control field ART_18534
005 - DATE AND TIME OF LATEST TRANSACTION
control field 20260410161702.0
008 - FIXED-LENGTH DATA ELEMENTS--GENERAL INFORMATION
fixed length control field 260409a
100 1# - MAIN ENTRY--PERSONAL NAME
Personal name García, Fernando
245 10 - TITLE STATEMENT
Title El decreto 1277/2010 y la derogación de los reintegros de gastos por parte de la AFIP.
773 0# - HOST ITEM ENTRY
Title Revista Impuestos
Related parts - Nº 13 (dic. 2010)
Record control number REV639

No hay ítems disponibles.